000 00802cam a2200253 i 4500
008
020 _a0443018936 (pbk.)
049 _aMAIN
090 _aRD31
_bDUD
100 1 _aDudley, Hugh A. F.
245 1 3 _aAn aid to clinical surgery /
_crev. by H.A.F Dudley, with the collaboration of L.P Fielding ...[et al] ;with a chapter on burns by J.P Masterton.
250 _a2nd ed.
260 _aEdinburgh :
_bChurchill Livingstone ,
_c1979.
300 _a268 p. :
_bill. ;
_c25 cm.
500 _aIncludes index.
504 _aIncludes bibliographical references.
650 0 _aSurgery.
700 1 _aFielding, L. P.
907 _a.b10365394
_b26-02-16
_c11-11-15
003
005 20230120204211.0
040 _cNUST
942 _cBOOKS
_kRD31
_mDUD
999 _c118939
_d118939